Automatic Autocorrelation and Spectral Analysis / (Record no. 189490)

000 -LEADER
fixed length control field 01514 a2200301 4500
003 - CONTROL NUMBER IDENTIFIER
control field Nust
005 - DATE AND TIME OF LATEST TRANSACTION
control field 20220801125417.0
010 ## - LIBRARY OF CONGRESS CONTROL NUMBER
LC control number 2006922620
020 ## - INTERNATIONAL STANDARD BOOK NUMBER
International Standard Book Number 1846283280 (cased)
020 ## - INTERNATIONAL STANDARD BOOK NUMBER
International Standard Book Number 1846283299 (ebook)
020 ## - INTERNATIONAL STANDARD BOOK NUMBER
International Standard Book Number 9781846283284
035 ## - SYSTEM CONTROL NUMBER
System control number (OCoLC)ocm70397985
040 ## - CATALOGING SOURCE
Transcribing agency Nust
082 04 - DEWEY DECIMAL CLASSIFICATION NUMBER
Classification number 519.6,BRO
100 1# - MAIN ENTRY--PERSONAL NAME
Personal name Broersen, Piet M. T.
9 (RLIN) 96045
245 10 - TITLE STATEMENT
Title Automatic Autocorrelation and Spectral Analysis /
Statement of responsibility, etc. Piet M.T. Broersen.
260 ## - PUBLICATION, DISTRIBUTION, ETC.
Place of publication, distribution, etc. Berlin ;
-- London :
Name of publisher, distributor, etc. Springer,
Date of publication, distribution, etc. 2006.
300 ## - PHYSICAL DESCRIPTION
Extent xii, 298 p. :
Other physical details ill. ;
Dimensions 25 cm.
505 ## - FORMATTED CONTENTS NOTE
Formatted contents note Introduction (Page-1), Basic Concepts (Page-11), Period gram and Lagged Product Autocorrelation (Page-29), ARMA Theory (Page-59), Relation for Time Series Models (Page-89), Estimation of Time Series Models (Page-117), AR order Selection (Page-167), MA and ARMA order Selection (Page-209), ARMASA Toolbox with Application (Page-223), Advanced Topics in Time Series Estimation (Page-251).
650 #0 - SUBJECT ADDED ENTRY--TOPICAL TERM
Topical term or geographic name entry element Autocorrelation (Statistics)
9 (RLIN) 96046
650 #0 - SUBJECT ADDED ENTRY--TOPICAL TERM
Topical term or geographic name entry element Signal processing
General subdivision Statistical methods.
9 (RLIN) 83383
650 #0 - SUBJECT ADDED ENTRY--TOPICAL TERM
Topical term or geographic name entry element Spectrum analysis
General subdivision Statistical methods.
9 (RLIN) 96047
650 #0 - SUBJECT ADDED ENTRY--TOPICAL TERM
Topical term or geographic name entry element Time-series analysis.
856 42 - ELECTRONIC LOCATION AND ACCESS
Materials specified Contributor biographical information
Uniform Resource Identifier <a href="http://www.loc.gov/catdir/enhancements/fy0824/2006922620-b.html">http://www.loc.gov/catdir/enhancements/fy0824/2006922620-b.html</a>
856 42 - ELECTRONIC LOCATION AND ACCESS
Materials specified Publisher description
Uniform Resource Identifier <a href="http://www.loc.gov/catdir/enhancements/fy0663/2006922620-d.html">http://www.loc.gov/catdir/enhancements/fy0663/2006922620-d.html</a>
856 42 - ELECTRONIC LOCATION AND ACCESS
Materials specified Table of contents only
Uniform Resource Identifier <a href="http://www.loc.gov/catdir/enhancements/fy0824/2006922620-t.html">http://www.loc.gov/catdir/enhancements/fy0824/2006922620-t.html</a>
942 ## - ADDED ENTRY ELEMENTS (KOHA)
Koha item type Reference
Source of classification or shelving scheme
Holdings
Withdrawn status Lost status Source of classification or shelving scheme Damaged status Not for loan Permanent Location Current Location Shelving location Date acquired Full call number Barcode Date last seen Price effective from Koha item type Public note
          Military College of Signals (MCS) Military College of Signals (MCS) Reference 12/12/2016 519.6,BRO MCS35158 12/08/2016 12/12/2016 Reference Almirah No.19, Shelf No.5
© 2023 Central Library, National University of Sciences and Technology. All Rights Reserved.